[Event "Goiania FEXEG Cup"]
[Site "Goiania"]
[Date "2019.05.19"]
[Round "6"]
[White "De Souza Sa, Apolo"]
[Black "Kunzler, Jonas Augusto"]
[Result "1-0"]
[WhiteElo "2017"]
[BlackElo "1749"]
[PlyCount "87"]
[EventDate "2019.05.17"]
[EventType "swiss"]
[EventRounds "6"]
[EventCountry "BRA"]
[SourceTitle "EXT 2020"]
[Source "ChessBase"]
[SourceDate "2019.10.17"]
[SourceVersion "1"]
[SourceVersionDate "2019.10.17"]
[SourceQuality "1"]

1. f4 d5 2. Nf3 c5 3. g3 Bg4 4. Bg2 Nf6 5. 0-0 e6 6. d3 Nc6 7. c3 Bd6 8. Nbd2 d4 9. Ne4 Nxe4 10. dxe4 dxc3 11. bxc3 0-0 12. e5 Be7 13. Nd2 Qa5 14. h3 Qxc3 15. Rb1 Qe3+ 16. Rf2 Bxh3 17. Ne4 Qd4 18. Qxd4 Nxd4 19. Bxh3 b6 20. e3 Nc6 21. Bf1 Nb4 22. a3 Nd5 23. Bc4 Rfd8 24. Kg2 f6 25. exf6 gxf6 26. Kf3 Kf7 27. Bb2 f5 28. Nc3 h5 29. Nxd5 exd5 30. Bd3 Kg6 31. Rh2 d4 32. exd4 cxd4 33. Rbh1 Rh8 34. Re1 Bf6 35. Re6 Rhe8 36. Rhe2 Rxe6 37. Rxe6 Rd8 38. Rc6 Rd5 39. Bc4 Rc5 40. Rxf6+ Kxf6 41. Bxd4+ Ke7 42. Bxc5+ bxc5 43. Ke3 a5 44. Be2 1-0